| 000 | 00680nam a22001577a 4500 | ||
|---|---|---|---|
| 003 | OSt | ||
| 005 | 20200608092846.0 | ||
| 008 | 150923b xxu||||| |||| 00| 0 eng d | ||
| 040 | _cRUA | ||
| 082 |
_aAGR LEM 2010 B045 Or.1 _2https://drive.google.com/file/d/1wDhqtZrzfIi2XIpFZb2-aRVoHotrS9n_/view?usp=sharing |
||
| 100 |
_91158 _aLEM, VINH. |
||
| 245 | _aeffect of seeding rates on growth and yield of ir66 rice (ឥទ្ធិពលនៃបរិមាណគ្រាប់លើការលូតលាស់ និង ទិន្នផលស្រូវអ៊ីអ៊ែរ ៦៦) | ||
| 260 |
_aPhnom Penh _bRUA _c2010 |
||
| 300 |
_axi, 54p. _bill. _c29cm. |
||
| 942 |
_2ddc _cAGR |
||
| 999 |
_c1107 _d1107 |
||